EXPERIMENTAL BIOCHEMISTRY (Record no. 582311)

000 -LEADER
fixed length control field 00257nam a22001097a 4500
082 ## - DEWEY DECIMAL CLASSIFICATION NUMBER
Classification number 574.192 CLA'E
100 ## - MAIN ENTRY--PERSONAL NAME
Personal name CLARK, JOHN M
9 (RLIN) 76995
245 ## - TITLE STATEMENT
Title EXPERIMENTAL BIOCHEMISTRY
260 ## - PUBLICATION, DISTRIBUTION, ETC.
Place of publication, distribution, etc. SAN FRANCISCO
Name of publisher, distributor, etc. W. H. FREEMAN
Date of publication, distribution, etc. 1964
300 ## - PHYSICAL DESCRIPTION
Extent 228P
942 ## - ADDED ENTRY ELEMENTS (KOHA)
Koha item type Book
Holdings
Withdrawn status Lost status Damaged status Not for loan Permanent Location Current Location Shelving location Date acquired Total Checkouts Full call number Barcode Date last seen Price effective from Koha item type
        College of Electrical & Mechanical Engineering (CEME) College of Electrical & Mechanical Engineering (CEME) General Stacks 06/05/2017   574.192 CLA'E CEME-10097 06/28/2021 06/28/2021 Book
© 2023 Central Library, National University of Sciences and Technology. All Rights Reserved.